A dixie aromái dzsesszkoncert a Dóm téren /
Elmentve itt :
| Szerző: | |
|---|---|
| Dokumentumtípus: | Cikk |
| Megjelent: |
2000-08-18
|
| Sorozat: | Délmagyarország
90 No. 193 |
| Kulcsszavak: | Szeged, Zene jazz Szeged, Zenei élet hangverseny jazz Szeged, Szegedi Szabadtéri Játékok |
| Online Access: | http://dmarchiv.bibl.u-szeged.hu/83449 |
| LEADER | 00547nab a2200157 i 4500 | ||
|---|---|---|---|
| 001 | delm83449 | ||
| 005 | 20191028150958.0 | ||
| 008 | 191028s2000 hu o 0|| hun d | ||
| 040 | |a SZTE Délmagyarország Archívum |b hun | ||
| 041 | |a hun | ||
| 100 | 1 | |a Panek Sándor | |
| 245 | 1 | 2 | |a A dixie aromái |h [elektronikus dokumentum] : |b dzsesszkoncert a Dóm téren / |c Panek Sándor |
| 260 | |c 2000-08-18 | ||
| 300 | |a 1, 7 | ||
| 490 | 0 | |a Délmagyarország |v 90 No. 193 | |
| 695 | |a Szeged, Zene jazz Szeged, Zenei élet hangverseny jazz Szeged, Szegedi Szabadtéri Játékok | ||